000 00875nam a22002417a 4500
001 21440
003 UA-OsUOA
005 20211219230036.0
007 ta
008 20031203b un ||||| |||| 00| 0 ukr d
020 _a5-325-00765-3
040 _aUA-OsUOA
_bukr
_cUA-OsUOA
_dUA-OsUOA
041 _aukr
044 _aUA
080 _a338(477)(075.8)
090 _a338(477)(075.8)
_bР64
245 _aРозміщення продуктивних сил
_bнавч. посіб.
_cред. В. В. Ковалевський, О. Л. Михайлюк
260 _aКиїв
_bЛибідь
_c1996
300 _a368 с.
650 7 _a338 Економічне становище. Економічна політика. Управління в економії Планування в економіці. Виробництво. Послу
_2UDC
942 _cBK
_2udc
955 _a2
999 _c307638
_d307638